Statistieken voor Landen met de meeste woestijnoppervlakte

Klik hier om de quiz te nemen!

Algemene statistieken

  • Deze quiz is 103 keer genomen
  • De gemiddelde score is 15 van 21

Antwoordstatistieken

km²Land% Correct
2,100,000Algerije
95%
900,000Egypte
91%
1,600,000Libië
87%
2,100,000Saoedi-Arabië
85%
1,500,000Soedan
85%
2,000,000China
82%
750,000Niger
82%
1,900,000Rusland
82%
500,000Verenigde Staten
82%
800,000Tsjaad
78%
2,500,000Australië
76%
400,000Iran
73%
750,000Mali
73%
1,000,000Mauritanië
69%
400,000Argentinië
60%
400,000Mongolië
58%
450,000Pakistan
58%
2,000,000Canada
51%
500,000Jemen
51%
500,000Namibië
51%
450,000Somalië
45%

Scoreverdeling

Percentiel versus Aantal Correcte Antwoorden

Procent van Mensen met Elke Score

Uw Scoregeschiedenis

U heeft deze quiz nog niet genomen